Los nuevos tribunales de familia: procedimiento ordinario
Saved in:
| Main Authors: | , |
|---|---|
| Format: | Bog |
| Sprog: | spansk |
| Udgivet: |
Santiago
Legal Publishing
2008
|
| Udgivelse: | 2a. ed |
| Fag: | |
| Tags: |
Tilføj Tag
Ingen Tags, Vær først til at tagge denne postø!
|
MARC
| LEADER | 00000nam a2200000 a 4500 | ||
|---|---|---|---|
| 001 | UCI9651 | ||
| 003 | CL-VaPUC | ||
| 008 | 081128e20080000CL |||||||||||||||||spa|d | ||
| 020 | |a 9789562387989 | ||
| 082 | 0 | 4 | |a 346.83015 |b BAE |2 21 |
| 100 | 0 | |a Baeza Concha, Gloria |e author |9 533511 | |
| 700 | 0 | |a Pérez Cabrera, Jaime |e author |9 533512 | |
| 245 | 1 | 4 | |a Los nuevos tribunales de familia: procedimiento ordinario |
| 250 | |a 2a. ed | ||
| 300 | |a 281 p | ||
| 942 | |c BK | ||
| 945 | |d 20081128 00:00:00 |a jtorresc | ||
| 260 | |a Santiago |b Legal Publishing |c 2008 | ||
| 500 | |a Incluye las modificaciones de la Ley N§ 20.286 | ||
| 650 | 0 | |a Derecho de familia |9 255603 | |
| 650 | 7 | |a TRIBUNALES DE FAMILIA |2 CL-VaPUC |9 533513 | |
| 650 | 7 | |a PROCEDIMIENTO ORDINARIO |2 CL-VaPUC |9 400501 | |
| 650 | 7 | |a LEY 20.286 |2 CL-VaPUC |9 533514 | |
| 651 | 7 | |a CHILE |2 CL-VaPUC |9 533515 | |
| 583 | |a last modification |c 20081128 00:00:00 |k Rodrigo Vera | ||
| 999 | |c 332145 |d 332143 | ||
| 952 | |0 0 |1 0 |4 0 |6 346_830150000000000_BAE_2008 |7 0 |8 A |9 419575 |a BIBDER |b BIBDER |d 2019-11-22 |i 4504038 |o 346.83015 BAE 2008 |p 4504038 |r 2023-01-25 |w 2019-11-22 |y BK |k DER | ||
| 952 | |0 0 |1 0 |4 0 |6 346_830150000000000_BAE_2008 |7 0 |8 A |9 419576 |a BIBDER |b BIBDER |d 2019-11-22 |i 4504046 |o 346.83015 BAE 2008 |p 4504046 |r 2023-01-25 |w 2019-11-22 |y BK |k DER | ||